| 000 | 00857nam a2200289 a 4500 | ||
|---|---|---|---|
| 999 |
_c9090 _d9090 |
||
| 001 | 9090 | ||
| 003 | BD-JhCC | ||
| 005 | 20180308124202.0 | ||
| 008 | 180308s1986 njua 000 0 eng d | ||
| 020 | _a0130225630 (pbk.) | ||
| 035 | _a(BD-JhCC)9090 | ||
| 040 |
_aBD-JhCC _cDLC _dBD-JhCC |
||
| 041 | _aeng | ||
| 050 | 0 | 0 |
_aPE1417 _b.P74 2000 |
| 082 | 0 | 0 |
_a808/.0427 _221 _bMIL 1986 |
| 100 | _aMiller, George | ||
| 245 | 0 | 4 |
_aThe Prentice Hall reader / _c[compiled by] George Miller. |
| 250 | _a6th ed., Annotated instructor's ed. | ||
| 260 |
_aUpper Saddle River, N.J. : _bPrentice Hall, _cc1986. |
||
| 300 |
_axxxii, 556 p. : _b. ; _c22 cm. |
||
| 500 | _aIncludes index. | ||
| 650 | 0 | _aCollege readers. | |
| 650 | 0 |
_aEnglish language _xRhetoric _vProblems, exercises, etc. |
|
| 700 | 1 |
_aMiller, George, _d1943- |
|
| 942 |
_2ddc _cBK |
||